Personnages de fictions fusionnés à la main (Quiz Photos) - Statistiques

Statistiques générales
  • Ce quiz a été pris 828 fois
  • Le résultat moyen est 7 sur 10
Statistiques - réponses
Par images Réponse % Correct
Bob l'Éponge & Titeuf
99%
Harry Potter & Mario
98%
Garfield & Pikachu
94%
Astérix & Naruto
80%
Aladdin & Popeye
79%
Bart Simpson & Shrek
76%
Kirby & Mickey
73%
Batman & Sauron
50%
Po & Totoro
41%
Doraemon & Tony Tony Chopper
17%
Aucun quiz correspondant
Distribution des résultats
% des personnes avec chaque résultat
Percentile par nombre de réponses
Votre historique - résultats
Vous n’avez pas pris ce quiz